| 000 | 00608nam a2200229Ia 4500 | ||
|---|---|---|---|
| 003 | GCL | ||
| 008 | 140319s9999 xx 000 0 ara d | ||
| 040 |
_aGCL / _cGCL |
||
| 082 | 0 | 4 |
_aق _b962.1 _bم م |
| 100 | 1 | _aمحافظة الشرقية | |
| 245 | 1 | 0 |
_aمحافظة الشرقية / _cمحافظة الشرقية |
| 300 | _a278 ص | ||
| 490 | _a | ||
| 650 | 0 | 4 | _aالزراعة |
| 650 | 0 | 4 | _aالسكان |
| 650 | 0 | 4 | _aالصناعة |
| 650 | 0 | 4 | _aالاوقاف |
| 650 | 0 | 4 | _aالنقل الداخلى |
| 650 | 0 | 4 | _aمحافظة الشرقية |
| 650 | 0 | 4 | _aالشرقية |
| 942 |
_2ddc _cBK |
||
| 999 |
_c38290 _d38290 |
||